|
|
|
|
| LEADER |
00942nab a2200193 i 4500 |
| 001 |
univ63765 |
| 005 |
20221003161341.0 |
| 008 |
221003s2022 hu o 0|| hun d |
| 040 |
|
|
|a SZTE UnivHistória Repozitórium
|b hun
|
| 041 |
|
|
|a hun
|
| 100 |
1 |
|
|a Kenessei András
|
| 245 |
1 |
2 |
|a A honfoglalástól az államalapításig
|h [elektronikus dokumentum] :
|b 1. /
|c Kenessei András
|
| 260 |
|
|
|c 2022-10-01
|
| 300 |
|
|
|a 6
|
| 490 |
0 |
|
|a Népszava
|
| 561 |
|
|
|a Egyetemi hirarchívum
|
| 695 |
|
|
|a Interjú, Révész László - tanszékvezető egyetemi tanár - Magyar Nemzeti Múzeum tudományos főmunkatársa, Régészeti Tanszék, Bölcsészet- és Társadalomtudományi Kar - BTK, Régészet, Honfoglalás, Államalapítás
|
| 700 |
0 |
1 |
|a Béres Márton
|
| 856 |
4 |
0 |
|u http://univ.bibl.u-szeged.hu/63765/1/2022-10-01%2003_00_00_N%C3%A9pszava%20mell%C3%A9klet_A%20honfoglal%C3%A1st%C3%B3l%20az%20%C3%A1llamalap%C3%ADt%C3%A1sig%20_1._.pdf
|z Dokumentum-elérés
|